000 00493nam a2200181Ia 4500
001 3118
005 20260306144857.0
008 260306t2020||||xx |||||||||||||| ||spa||
041 _aESP
082 _a257.70985
_bG78
100 _aGrández Alejos, Haydeé,
_eAUT
245 0 _aVestiduras sagradas del siglo XVIII en Lima :
_bel monasterio de Nuestra Señora del Prado
260 _c2020
300 _a147 páginas :
_c24 cm.
650 _aGEN
654 _aCHU
942 _cLIB
_dJUS
_fJUS
_2ddc
_n
999 _c3118
_d3118